Регионална библиотека "Любен Каравелов" - Русе

Психология (Запис номер 136901)

MARC детайли
000 -Лидер
Контролно поле с фиксирана дължина nam a22 a 4500
003 - Код на организацията, давaща контролен номер
Контролно поле BLK
005 - Дата и час на последна редакция
Контролно поле 20201110143942.0
008 - Елементи от данни с фиксирана дължина
fixed length control field 180409b bul|||||r ||||||| ||bul||
010 ## - Наследен системен номер
LC control number KNG00142859000
040 ## - Източник на каталожния запис
Идентификатор на билиотеката - собственик на записа BLK
041 ## - Код за език
Код за езика на текст/звукозапис или на отделно заглавие Руски
Код за езика КДБФ Руски
080 ## - УДК
Текстов определител УДК Психология
УДК код - определител по УДК 159.9
УДК - код + определител 159.9
100 1# - Редна дума - Автор
Автор Бэн, Александр
Авторска отговорност първи автор
R(LIN) 44814
139 ## - Редно поле
Редна дума Рибо, Теодюл
Авторски знак Ри - Р 58
245 10 - Сведения за заглавието
Заглавие Психология
Редно поле (дума) Александр Бэн.
250 ## - Област на изданието
Сведения за изданието 2. доп. изд.
257 ## - Страна на издаване
Страна на създаване/издаване Великобритания
260 ## - Област на издателските данни
Година на издаване 1887
Печатница С. - Петербург : тип. "Петерб. газ."
300 ## - Физическа характеристика
Страници ХХІІ, 456 с.
Размери/Мащаб 22 см
380 ## - Жанр
Жанр Философия
490 ## - СЕРИИ (Колекции)
9 (RLIN) 435080
Име на серия Колекция Редки и ценни издания
650 #4 - Допълнително описание по предмет – тема
Основно описание – тема или топоним Психология
9 (RLIN) 168332
650 #4 - Допълнително описание по предмет – тема
Основно описание – тема или топоним Висша нервна дейност
9 (RLIN) 274992
650 #4 - Допълнително описание по предмет – тема
Основно описание – тема или топоним Психологични процеси
9 (RLIN) 323930
650 #4 - Допълнително описание по предмет – тема
Основно описание – тема или топоним Психофизиология
9 (RLIN) 168431
653 ## - Ключова дума – ненормативна
Ключова дума психология
653 ## - Ключова дума – ненормативна
Ключова дума движение
653 ## - Ключова дума – ненормативна
Ключова дума усещания
653 ## - Ключова дума – ненормативна
Ключова дума емоции
653 ## - Ключова дума – ненормативна
Ключова дума асоциации
653 ## - Ключова дума – ненормативна
Ключова дума интуиция
653 ## - Ключова дума – ненормативна
Ключова дума воля
852 ## - Местоположение
Форматна сигнатура Рр 887
Фондова буква Редки и ценни
856 4# - Електронен адрес и достъп
Електронен формат pdf - файл
999 ## - СИСТЕМНИ КОНТРОЛНИ НОМЕРА
Koha biblionumber 136901
Koha biblioitemnumber 136901
942 ## - АРТИКУЛИ
Вид на библиотечния материал Книги
Скрит в OPAC Не
Периодичен библиозапис Да
944 ## - СЪЗДАВАНЕ И РЕДАКЦИЯ на ЗАПИСА
Създаване/Редакция Създаване
Дата на регистрацията/редакция 18.05.2013
Статус, дата на статуса 18.05.2013 - от С1,Р / 18.05.2013
Служител, извършил регистрацията/редакцията Наталия_Медовщикова
944 ## - СЪЗДАВАНЕ И РЕДАКЦИЯ на ЗАПИСА
Създаване/Редакция Редакция
Дата на регистрацията/редакция 18.05.2013
Статус, дата на статуса 18.05.2013 - от С1,Р / 18.05.2013
999 ## - СИСТЕМНИ КОНТРОЛНИ НОМЕРА
Koha biblioitemnumber 136901
Наличности
Код за отписване Код за изгубен артикул Източник на класификационната схема Код за повреда Коз за рестрикции Код за отдаване Артикулен № Име на библиотеката - собственик Име на библиотеката, в която се намира в момента Статус (Текущо местоположение) Дата на вписване в системата Местоположение - отдел Цена в лева Инвентарен номер Систематично азбучна сигнатура Баркод Номер на екземпляра Цена в евро Служебна бележка Служебен тип на артикула
  Не е изгубен Universal Decimal Classification Не е повреден само за читалня Специални фондове ( старопечатни, редки и ценни, фонд М. Арнаудов) 223918 Регионална библиотека "Любен Каравелов" Русе Регионална библиотека "Любен Каравелов" Русе Редки и ценни 1887-01-01 Редки и ценни 0.38 15724 Рр 887 900000036709 1 0.19 N: стар фонд Дата: 01.01.1887 Дата инв: 15.12.2016 Бележки инв: Рц2016 Книги
Vip Innovations Ltd, Rousse, Bulgaria 2025